[Event "Niska Banja op"]
[Site "Niska Banja"]
[Date "2020.02.15"]
[Round "4"]
[White "Cirjan, Daniel"]
[Black "Majstorovic, Dusan"]
[Result "0-1"]
[WhiteElo "1878"]
[BlackElo "1991"]
[PlyCount "152"]
[EventDate "2020.02.13"]
[EventType "swiss"]
[EventRounds "7"]
[EventCountry "SRB"]
[SourceTitle "CBM 195 Extra"]
[Source "ChessBase"]
[SourceDate "2020.05.31"]
[SourceVersion "1"]
[SourceVersionDate "2020.05.31"]
[SourceQuality "1"]

1. d4 Nf6 2. Nf3 d5 3. Bf4 e6 4. e3 Bd6 5. c3 Bxf4 6. exf4 Qd6 7. Ne5 c5 8. Bb5+ Bd7 9. dxc5 Qxc5 10. Bxd7+ Nbxd7 11. Nxd7 Nxd7 12. 0-0 0-0 13. Nd2 a5 14. Qe2 a4 15. c4 Nb6 16. cxd5 Nxd5 17. Ne4 Nxf4 18. Qg4 Qe5 19. Nc3 h5 20. Qf3 Rfb8 21. Rfe1 Qf5 22. Re4 Nd5 23. Qxf5 exf5 24. Re5 Nxc3 25. bxc3 g6 26. Rb5 Ra7 27. c4 Rc8 28. c5 Kf8 29. Kf1 Ke7 30. Rab1 Rc7 31. Ke2 Kd7 32. Kd3 Kc8 33. Kc4 Re7 34. R1b2 Re4+ 35. Kd5 a3 36. Rd2 Kc7 37. f3 Re3 38. h3 g5 39. Kd4 f4 40. Kc4 Ra4+ 41. Rb4 Rxb4+ 42. Kxb4 f5 43. Rd5 Re2 44. Rxf5 Rxg2 45. Kxa3 Rg3 46. Kb4 Rxf3 47. Rxg5 Rxh3 48. Kb5 Rh2 49. Rg7+ Kb8 50. Rf7 Rb2+ 51. Kc4 Rxa2 52. Kd4 Rd2+ 53. Ke5 Rc2 54. Kd5 h4 55. Rxf4 h3 56. Rh4 h2 57. Rh7 Rd2+ 58. Kc4 Kc8 59. Kb5 Rb2+ 60. Kc4 Kd8 61. Kd5 Rd2+ 62. Ke6 Re2+ 63. Kd6 Ke8 64. Rh6 Kf7 65. Kc7 Rb2 66. c6 bxc6 67. Kxc6 Kg7 68. Rh3 Rd2 69. Kc5 Kg6 70. Kc4 Kg5 71. Kc3 Rg2 72. Rh8 Kf4 73. Kd3 Kf3 74. Rh7 Rb2 75. Rf7+ Kg2 76. Rg7+ Kf1 0-1

[Event "SRB-chT3 South"]
[Site "Serbia"]
[Date "2017.10.13"]
[Round "8.5"]
[White "Majstorovic, Dusan"]
[Black "Jovanovic, Dragoslav"]
[Result "1-0"]
[WhiteElo "1980"]
[BlackElo "1995"]
[PlyCount "87"]
[EventDate "2017.09.03"]
[EventType "team-tourn"]
[EventRounds "11"]
[EventCountry "SRB"]
[SourceTitle "EXT 2022"]
[Source "ChessBase"]
[SourceDate "2021.10.06"]
[SourceVersion "1"]
[SourceVersionDate "2021.10.06"]
[SourceQuality "1"]

1. e4 c5 2. Nc3 Nc6 3. g3 g6 4. Bg2 Bg7 5. d3 d6 6. Be3 Nf6 7. h3 Qb6 8. Rb1 Nd4 9. Nf3 Nxf3+ 10. Bxf3 Bd7 11. Qd2 0-0 12. Bh6 Bc6 13. h4 Bd7 14. h5 Bg4 15. Bxg4 Nxg4 16. Bxg7 Kxg7 17. Nd5 Qd8 18. f3 Ne5 19. Ke2 e6 20. hxg6 exd5 21. Qh6+ Kf6 22. g7+ Ng6 23. gxf8Q Qxf8 24. Qxf8 Rxf8 25. exd5 b5 26. Rxh7 b4 27. Rbh1 Re8+ 28. Kf2 a5 29. f4 a4 30. R1h6 Rg8 31. Kf3 Ke7 32. g4 Nf8 33. Rh8 Rg7 34. g5 Nd7 35. R8h7 Rg8 36. Re6+ Kf8 37. Rxd6 Ke7 38. Rxd7+ Kxd7 39. Rxf7+ Kd6 40. Rf5 Rc8 41. b3 axb3 42. axb3 Ra8 43. g6 Rg8 44. Rg5 1-0

[Event "SRB Central-ch op-B 9th"]
[Site "Paracin"]
[Date "2016.07.14"]
[Round "9"]
[White "Majstorovic, Dusan"]
[Black "Olcum, Ahmet"]
[Result "0-1"]
[WhiteElo "2031"]
[BlackElo "2083"]
[PlyCount "132"]
[EventDate "2016.07.07"]
[EventType "swiss"]
[EventRounds "9"]
[EventCountry "SRB"]
[SourceTitle "CBM 173 Extra"]
[Source "ChessBase"]
[SourceDate "2016.08.29"]
[SourceVersion "1"]
[SourceVersionDate "2016.08.29"]
[SourceQuality "1"]

1. e4 d6 2. d4 g6 3. Nf3 Bg7 4. Bc4 a6 5. 0-0 e6 6. Bg5 Ne7 7. Re1 Nd7 8. Nbd2 h6 9. Be3 0-0 10. Nf1 b5 11. Bb3 Bb7 12. Ng3 Nb6 13. c3 a5 14. Qe2 a4 15. Bc2 Nc4 16. Bc1 Qd7 17. Bd3 Rfb8 18. Rb1 c5 19. b3 axb3 20. axb3 Na5 21. Bxb5 Bc6 22. Bxc6 Nexc6 23. d5 Ne7 24. Qc2 exd5 25. Be3 dxe4 26. Nxe4 f5 27. Ng3 Nd5 28. Bd2 Kh7 29. Red1 c4 30. b4 Nb3 31. Be1 Nc7 32. Nd2 Nxd2 33. Bxd2 Nb5 34. Ra1 Ra7 35. Rxa7 Qxa7 36. h4 h5 37. Re1 Qf7 38. Nf1 Qf6 39. Rc1 Qxh4 40. Ne3 f4 41. Nxc4 Rc8 42. Qe4 d5 43. Qxd5 f3 44. Ne3 Rd8 45. Qxb5 Rxd2 46. g3 Qf6 47. Qb7 h4 48. Qc8 hxg3 49. Qh3+ Bh6 50. Qxg3 Bxe3 51. fxe3 Rg2+ 52. Qxg2 fxg2 53. Kxg2 Qc6+ 54. Kf2 g5 55. c4 g4 56. Ke2 Qf3+ 57. Kd3 g3 58. c5 g2 59. Kd4 Qf1 60. Rxf1 gxf1Q 61. Kd5 Kg7 62. c6 Kf7 63. Kd6 Qd3+ 64. Kc7 Ke7 65. e4 Qb5 66. e5 Qxe5+ 0-1

[Event "Nis Pantelej op 3rd"]
[Site "Nis"]
[Date "2015.08.05"]
[Round "3"]
[White "Raicevic, Ivica"]
[Black "Majstorovic, Dusan"]
[Result "1/2-1/2"]
[WhiteElo "2238"]
[BlackElo "2008"]
[PlyCount "87"]
[EventDate "2015.08.04"]
[EventType "swiss"]
[EventRounds "9"]
[EventCountry "SRB"]
[SourceTitle "EXT 2016"]
[Source "ChessBase"]
[SourceDate "2015.10.08"]
[SourceVersion "1"]
[SourceVersionDate "2015.10.08"]
[SourceQuality "1"]

1. c4 Nf6 2. Nc3 e6 3. Nf3 c5 4. g3 Nc6 5. Bg2 d5 6. cxd5 exd5 7. d4 c4 8. Bg5 Bb4 9. 0-0 Bxc3 10. bxc3 h6 11. Bxf6 Qxf6 12. e4 dxe4 13. Nd2 0-0 14. Nxe4 Qd8 15. Qa4 Na5 16. Qb4 Be6 17. Nd6 Qc7 18. Nxb7 Nxb7 19. Qxb7 Qa5 20. Qf3 Rab8 21. d5 Bd7 22. Rfe1 Qa3 23. Re4 Qb2 24. Rae1 Qxa2 25. Bf1 Rb1 26. R4e3 a5 27. Qe2 Qa1 28. Rxb1 Qxb1 29. Qxc4 a4 30. Kg2 a3 31. Re2 Bb5 32. Qa2 Bd3 33. Qxa3 Qb5 34. Re1 Qxd5+ 35. Kg1 Bxf1 36. Rxf1 Rc8 37. Qb2 Qf3 38. Rc1 Re8 39. c4 Re2 40. Qd4 Re4 41. Qd8+ Kh7 42. c5 Re2 43. Qd4 Re4 44. Qd1 1/2-1/2

[Event "Nis Pantelej op 3rd"]
[Site "Nis"]
[Date "2015.08.04"]
[Round "2"]
[White "Majstorovic, Dusan"]
[Black "Bojkovic, Slobodan"]
[Result "1-0"]
[WhiteElo "2008"]
[BlackElo "2213"]
[PlyCount "83"]
[EventDate "2015.08.04"]
[EventType "swiss"]
[EventRounds "9"]
[EventCountry "SRB"]
[SourceTitle "EXT 2016"]
[Source "ChessBase"]
[SourceDate "2015.10.08"]
[SourceVersion "1"]
[SourceVersionDate "2015.10.08"]
[SourceQuality "1"]

1. e4 c5 2. Nc3 e6 3. g3 Nc6 4. Bg2 a6 5. d3 d6 6. Nge2 Bd7 7. a4 Be7 8. b3 Bf6 9. Bb2 Nge7 10. Qc1 Qa5 11. 0-0 h5 12. h4 Rc8 13. f4 Qc7 14. Nd1 Nd4 15. Rf2 Nec6 16. Ne3 b5 17. axb5 axb5 18. Rb1 Nxe2+ 19. Rxe2 Nd4 20. Rf2 Qb6 21. Qd1 Ke7 22. c3 Nc6 23. Qe2 Kf8 24. f5 Kg8 25. Kh1 Re8 26. Rbf1 Qd8 27. Bh3 Bc8 28. Ng2 exf5 29. Bxf5 Ne5 30. Ne3 Bb7 31. c4 b4 32. Bh3 Nxd3 33. Rxf6 Nxb2 34. Rxf7 Bxe4+ 35. Kh2 Bg6 36. Rd7 Qb8 37. Qxb2 Re5 38. Nf5 Bxf5 39. Rxf5 Qe8 40. Rxe5 dxe5 41. Qd2 Qg6 42. Qf2 1-0

[Event "Nis op-B"]
[Site "Nis"]
[Date "2015.04.23"]
[Round "5"]
[White "Majstorovic, Dusan"]
[Black "Bozilov, Dragan"]
[Result "1/2-1/2"]
[WhiteElo "2038"]
[BlackElo "1980"]
[PlyCount "137"]
[EventDate "2015.04.20"]
[EventType "swiss"]
[EventRounds "9"]
[EventCountry "SRB"]
[SourceTitle "CBM 166 Extra"]
[Source "ChessBase"]
[SourceDate "2015.06.18"]
[SourceVersion "1"]
[SourceVersionDate "2015.06.18"]
[SourceQuality "1"]

1. e4 c6 2. d4 d5 3. Nc3 dxe4 4. Nxe4 Nf6 5. Nxf6+ exf6 6. Nf3 Bd6 7. Bd3 0-0 8. 0-0 Bg4 9. Be3 Nd7 10. c4 Qc7 11. h3 Bh5 12. c5 Bh2+ 13. Kh1 Bf4 14. Qd2 Bxe3 15. fxe3 Rfe8 16. Qf2 Bg6 17. Bxg6 hxg6 18. Nd2 f5 19. e4 Re6 20. exf5 Rf6 21. Qh4 Rxf5 22. Rxf5 gxf5 23. Qg5 Re8 24. Qxf5 Nf6 25. Rf1 Re2 26. Qd3 Qe7 27. Rf3 Re1+ 28. Kh2 Qc7+ 29. g3 Qe7 30. Kg2 Qe6 31. b3 Qd5 32. Kf2 Rd1 33. Ke2 Rh1 34. g4 Qg5 35. Rf1 Nd5 36. Qg3 Qe7+ 37. Kf2 Qf6+ 38. Kg2 Rxf1 39. Nxf1 Qxd4 40. Qb8+ Kh7 41. Qxb7 Qe4+ 42. Kf2 Qc2+ 43. Kg3 Qc3+ 44. Kg2 Nf4+ 45. Kf2 Nxh3+ 46. Ke2 Nf4+ 47. Kd1 Qa1+ 48. Kd2 Qxf1 49. Qxc6 Qd3+ 50. Kc1 Ne2+ 51. Kb2 Qd2+ 52. Ka3 Qa5+ 53. Kb2 Qd2+ 54. Ka3 Qc1+ 55. Kb4 a5+ 56. Kxa5 Qa3+ 57. Kb6 Qb4+ 58. Qb5 Qxg4 59. c6 Qd4+ 60. Kb7 Qe4 61. Qc4 Nd4 62. a4 f5 63. a5 Nxc6 64. Qxc6 Qxc6+ 65. Kxc6 f4 66. a6 f3 67. a7 f2 68. a8Q f1Q 69. Qa4 1/2-1/2

[Event "Nis op-B"]
[Site "Nis"]
[Date "2015.04.20"]
[Round "1"]
[White "Majstorovic, Dusan"]
[Black "Vidanovic, Ljubisa"]
[Result "1-0"]
[WhiteElo "2038"]
[BlackElo "1859"]
[PlyCount "141"]
[EventDate "2015.04.20"]
[EventType "swiss"]
[EventRounds "9"]
[EventCountry "SRB"]
[SourceTitle "CBM 166 Extra"]
[Source "ChessBase"]
[SourceDate "2015.06.18"]
[SourceVersion "1"]
[SourceVersionDate "2015.06.18"]
[SourceQuality "1"]

1. e4 g6 2. d4 c6 3. f4 d6 4. Nf3 Bg7 5. Be3 Nf6 6. Bd3 Qb6 7. Qc1 0-0 8. Nbd2 c5 9. c3 Ng4 10. Bg1 Nd7 11. e5 Qc6 12. h3 Nh6 13. Bf2 cxd4 14. cxd4 Qxc1+ 15. Rxc1 Nb6 16. Be4 f5 17. Bc2 Be6 18. Ng5 Bd5 19. Bb3 Rfc8 20. Ke2 Nf7 21. Nxf7 Kxf7 22. Nf3 Bxb3 23. axb3 h6 24. g3 Nd5 25. h4 Rc6 26. Rxc6 bxc6 27. Ra1 a6 28. Nd2 Ke6 29. Nc4 Kd7 30. Be1 c5 31. dxc5 dxc5 32. Ra5 Rb8 33. Rxc5 e6 34. Ra5 Nc7 35. b4 Bf8 36. Ra4 Kc6 37. Kd3 Rd8+ 38. Kc2 Rd4 39. b3 Re4 40. Ra1 Be7 41. Kd3 g5 42. hxg5 hxg5 43. Bd2 gxf4 44. gxf4 Kb7 45. Na5+ Kc8 46. Nc6 Bh4 47. Nd4 Bf2 48. Nf3 Kb7 49. Ng5 Rd4+ 50. Ke2 Rd7 51. Rc1 Bb6 52. Rh1 Re7 53. Rh6 Kc6 54. Kd3 Rd7+ 55. Kc2 Kd5 56. Nh7 Ne8 57. Nf8 Re7 58. Kd3 Nc7 59. Nh7 Rg7 60. Nf6+ Kc6 61. Ne8 Nxe8 62. Rxe6+ Kb5 63. Rxe8 Rg3+ 64. Kc2 Rg2 65. e6 Re2 66. e7 Bc7 67. Kd3 Re6 68. Be3 Kxb4 69. Bd4 Bxf4 70. Rc8 Bd6 71. e8Q 1-0

[Event "SRB-chT2 East"]
[Site "Leskovac"]
[Date "2014.09.27"]
[Round "5.6"]
[White "Petrovic, Petar R"]
[Black "Majstorovic, Dusan"]
[Result "0-1"]
[WhiteElo "1722"]
[BlackElo "1969"]
[PlyCount "80"]
[EventDate "2014.09.25"]
[EventType "team-swiss"]
[EventRounds "6"]
[EventCountry "SRB"]
[SourceTitle "EXT 2015"]
[Source "ChessBase"]
[SourceDate "2014.11.20"]
[SourceVersion "1"]
[SourceVersionDate "2014.11.20"]
[SourceQuality "1"]

1. e4 e5 2. Nf3 Nc6 3. Bb5 Nge7 4. d4 exd4 5. Nxd4 d6 6. 0-0 Bd7 7. Bg5 h6 8. Bh4 g5 9. Bg3 Bg7 10. c3 Nxd4 11. Bxd7+ Qxd7 12. cxd4 Nc6 13. e5 dxe5 14. dxe5 Qxd1 15. Rxd1 Rd8 16. Re1 0-0 17. Na3 Rfe8 18. Re2 Nd4 19. Re3 c5 20. Rc1 Nf5 21. Rb3 b6 22. Nb5 Rd7 23. Ra3 Nxg3 24. hxg3 Bxe5 25. Rxa7 Rxa7 26. Nxa7 Ra8 27. Re1 Bxb2 28. Rb1 Rxa7 29. Rxb2 Ra6 30. Kf1 Kf8 31. Ke2 Ke7 32. g4 Kd6 33. g3 Kc6 34. Ke3 Ra4 35. f3 c4 36. Rh2 Kc5 37. Rxh6 Rxa2 38. Ke4 Re2+ 39. Kf5 Re7 40. Rf6 Rb7 0-1

[Event "SRB Central-ch op-B 7th"]
[Site "Paracin"]
[Date "2014.07.05"]
[Round "2"]
[White "Majstorovic, Dusan"]
[Black "Lojovic, Matija"]
[Result "1-0"]
[WhiteElo "2022"]
[BlackElo "1839"]
[PlyCount "117"]
[EventDate "2014.07.04"]
[EventType "swiss"]
[EventRounds "9"]
[EventCountry "SRB"]
[SourceTitle "CBM 161 Extra"]
[Source "ChessBase"]
[SourceDate "2014.08.29"]
[SourceVersion "1"]
[SourceVersionDate "2014.08.29"]
[SourceQuality "1"]

1. e4 e6 2. d4 d5 3. Nc3 dxe4 4. Nxe4 Be7 5. Nf3 Nf6 6. Bd3 Nbd7 7. c3 b6 8. 0-0 0-0 9. Re1 Bb7 10. h3 c5 11. dxc5 Nxc5 12. Nxc5 Bxc5 13. Bg5 Be7 14. Qe2 Qc7 15. Rad1 Rad8 16. Bc2 Rxd1 17. Bxd1 Rd8 18. Bb3 Nd5 19. Bxe7 Qxe7 20. Qe5 Qf6 21. Rd1 Qxe5 22. Nxe5 Rc8 23. Bxd5 exd5 24. Ng4 f6 25. Ne3 Rd8 26. c4 d4 27. f3 Kf7 28. Nf5 d3 29. Kf2 g6 30. Ng3 Ba6 31. b3 f5 32. a4 Kf6 33. Ke3 Bb7 34. Nf1 Ke5 35. Rxd3 f4+ 36. Ke2 Rd4 37. Kd2 Bc8 38. Kc3 Rxd3+ 39. Kxd3 g5 40. Nd2 h5 41. c5 bxc5 42. Kc4 Bb7 43. Kxc5 g4 44. hxg4 hxg4 45. b4 Ke6 46. Kd4 Kf5 47. b5 Ke6 48. Ne4 Ke7 49. Ke5 gxf3 50. gxf3 Kd8 51. Kxf4 Kc7 52. Ke5 Kb6 53. f4 Bc8 54. Nd6 Bg4 55. f5 Bh5 56. f6 Bg6 57. f7 Bxf7 58. Nxf7 a6 59. Nd6 1-0

[Event "Jagodina op 7th"]
[Site "Jagodina"]
[Date "2014.03.11"]
[Round "7"]
[White "Majstorovic, Dusan"]
[Black "Cvetanovic, Uros"]
[Result "0-1"]
[WhiteElo "2010"]
[BlackElo "2296"]
[PlyCount "76"]
[EventDate "2014.03.07"]
[EventType "swiss"]
[EventRounds "9"]
[EventCountry "SRB"]
[SourceTitle "CBM 159 Extra"]
[Source "ChessBase"]
[SourceDate "2014.04.24"]
[SourceVersion "1"]
[SourceVersionDate "2014.04.24"]
[SourceQuality "1"]

1. e4 c5 2. Nc3 a6 3. g3 b5 4. Bg2 Bb7 5. d3 Nf6 6. Bg5 d6 7. Bxf6 gxf6 8. Qh5 e6 9. f4 b4 10. Nd1 f5 11. Ne3 fxe4 12. dxe4 Nd7 13. Ng4 Bg7 14. 0-0-0 Qe7 15. Ne2 0-0-0 16. f5 Nf6 17. Qg5 h5 18. Qxg7 Nxg4 19. fxe6 Qxe6 20. Rdf1 f6 21. Nf4 Qxa2 22. Bh3 Qa1+ 23. Kd2 Qxb2 24. Bxg4+ hxg4 25. Ne6 Qc3+ 26. Kd1 Qa1+ 27. Ke2 Qa5 28. Nxd8 Rxd8 29. Rxf6 Qa2 30. Qxg4+ Kb8 31. Re1 Qc4+ 32. Kf2 Qd4+ 33. Kg2 Qxf6 34. h4 Rf8 35. Qe2 a5 36. Rh1 a4 37. h5 a3 38. h6 a2 0-1

[Event "Jagodina op 7th"]
[Site "Jagodina"]
[Date "2014.03.09"]
[Round "4"]
[White "Majstorovic, Dusan"]
[Black "Ivanovic, Zoran M"]
[Result "1-0"]
[WhiteElo "2010"]
[BlackElo "2116"]
[PlyCount "111"]
[EventDate "2014.03.07"]
[EventType "swiss"]
[EventRounds "9"]
[EventCountry "SRB"]
[SourceTitle "CBM 159 Extra"]
[Source "ChessBase"]
[SourceDate "2014.04.24"]
[SourceVersion "1"]
[SourceVersionDate "2014.04.24"]
[SourceQuality "1"]

1. e4 Nf6 2. Nc3 d5 3. exd5 Nxd5 4. Bc4 c6 5. Qf3 e6 6. Nge2 g6 7. Ne4 Bg7 8. d4 0-0 9. Bd2 b5 10. Bd3 a5 11. h4 Nb4 12. h5 Nxd3+ 13. Qxd3 e5 14. hxg6 fxg6 15. Ng5 Bf5 16. Qb3+ Qd5 17. Nxh7 Re8 18. Bg5 Nd7 19. 0-0-0 e4 20. Qxd5+ cxd5 21. Nc3 Bg4 22. Rd2 Nb6 23. Nxb5 Nc4 24. Nc7 Nxd2 25. Kxd2 Kf7 26. Nxe8 Rxe8 27. Be3 Kg8 28. Ng5 Rf8 29. Nh3 Rf5 30. Ng1 Rf8 31. Ne2 Rd8 32. Nc3 Be6 33. Na4 Rb8 34. b3 Bf8 35. Nc5 Bf5 36. a3 Be7 37. Rb1 Kf7 38. b4 Bxc5 39. dxc5 Bd7 40. Kc3 Ke6 41. Kd4 axb4 42. axb4 Bb5 43. Ra1 Bc4 44. Kc3 Rf8 45. Ra7 g5 46. Rg7 Kf6 47. Rxg5 Ra8 48. Rh5 Ra3+ 49. Kd4 Ra4 50. c3 Ra1 51. c6 Ke6 52. Rh6+ Ke7 53. Kc5 Ra8 54. Bg5+ Kf7 55. Rd6 Ra3 56. Bf6 1-0

[Event "Jagodina op 7th"]
[Site "Jagodina"]
[Date "2014.03.08"]
[Round "3"]
[White "Majstorovic, Dusan"]
[Black "Mirkovic, Dejan"]
[Result "1-0"]
[WhiteElo "2010"]
[BlackElo "1844"]
[PlyCount "49"]
[EventDate "2014.03.07"]
[EventType "swiss"]
[EventRounds "9"]
[EventCountry "SRB"]
[SourceTitle "CBM 159 Extra"]
[Source "ChessBase"]
[SourceDate "2014.04.24"]
[SourceVersion "1"]
[SourceVersionDate "2014.04.24"]
[SourceQuality "1"]

1. e4 c6 2. d4 d5 3. Nc3 dxe4 4. Nxe4 Bf5 5. Ng3 Bg6 6. Nf3 Nd7 7. h4 f6 8. Bc4 Nb6 9. Be6 Qd6 10. Qe2 Nd5 11. a3 Bf7 12. Bxf7+ Kxf7 13. Ne4 Qd7 14. c4 Nc7 15. Nc5 Qc8 16. 0-0 b6 17. Ne4 e6 18. Re1 Qd7 19. Bf4 h6 20. Bxc7 Qxc7 21. Neg5+ hxg5 22. Qxe6+ Kg6 23. Ne5+ Kh5 24. Qg4+ Kh6 25. hxg5+ 1-0

[Event "Nis Art Faculty op"]
[Site "Nis"]
[Date "2013.08.07"]
[Round "7"]
[White "Bogdanovic, Dragan"]
[Black "Majstorovic, Dusan"]
[Result "0-1"]
[WhiteElo "2001"]
[BlackElo "2014"]
[PlyCount "58"]
[EventDate "2013.08.03"]
[EventType "swiss"]
[EventRounds "7"]
[EventCountry "SRB"]
[SourceTitle "EXT 2015"]
[Source "ChessBase"]
[SourceDate "2014.11.20"]
[SourceVersion "1"]
[SourceVersionDate "2014.11.20"]
[SourceQuality "1"]

1. d4 d5 2. Nf3 Nf6 3. c4 e6 4. Bg5 c6 5. e3 Bb4+ 6. Nc3 Qa5 7. Bxf6 Bxc3+ 8. bxc3 Qxc3+ 9. Nd2 gxf6 10. cxd5 exd5 11. Rc1 Qa3 12. Qc2 Bf5 13. e4 dxe4 14. Nxe4 Qb4+ 15. Qc3 Qe7 16. Kd2 0-0 17. Re1 Bxe4 18. f3 f5 19. fxe4 fxe4 20. Re3 f5 21. Bc4+ Kh8 22. Rg3 Nd7 23. h4 Nb6 24. d5+ Qf6 25. dxc6 Nxc4+ 26. Qxc4 Rac8 27. Qb3 Rxc6 28. h5 Rd8+ 29. Ke2 Rb6 0-1

[Event "Nis Art Faculty op"]
[Site "Nis"]
[Date "2013.08.03"]
[Round "1"]
[White "Majstorovic, Dusan"]
[Black "Stankov, Dejan"]
[Result "1-0"]
[WhiteElo "2014"]
[BlackElo "970"]
[PlyCount "59"]
[EventDate "2013.08.03"]
[EventType "swiss"]
[EventRounds "7"]
[EventCountry "SRB"]
[SourceTitle "EXT 2015"]
[Source "ChessBase"]
[SourceDate "2014.11.20"]
[SourceVersion "1"]
[SourceVersionDate "2014.11.20"]
[SourceQuality "1"]

1. e4 e5 2. Nf3 Nc6 3. Bc4 Bc5 4. c3 d6 5. b4 Bb6 6. a4 a5 7. b5 Nb8 8. Qb3 Qe7 9. h3 Nf6 10. d3 h6 11. Be3 Nbd7 12. Nbd2 0-0 13. 0-0 Nc5 14. Qc2 Be6 15. Rfe1 Rad8 16. Rad1 Rd7 17. Bxc5 Bxc5 18. d4 exd4 19. cxd4 Bxc4 20. dxc5 Be6 21. cxd6 cxd6 22. Qc3 Qd8 23. Rc1 Qb6 24. Nd4 Re7 25. Nxe6 fxe6 26. Nc4 Qxf2+ 27. Kxf2 Nxe4+ 28. Ke3 Nxc3 29. Rxc3 Rc7 30. Kd3 1-0

[Event "SRB Central-ch op-B 6th"]
[Site "Paracin"]
[Date "2013.07.11"]
[Round "8"]
[White "Majstorovic, Dusan"]
[Black "Nikolovska, Dragana"]
[Result "1-0"]
[WhiteElo "2025"]
[BlackElo "1848"]
[PlyCount "101"]
[EventDate "2013.07.05"]
[EventType "swiss"]
[EventRounds "9"]
[EventCountry "SRB"]
[SourceTitle "CBM 155 Extra"]
[Source "ChessBase"]
[SourceDate "2013.08.26"]
[SourceVersion "1"]
[SourceVersionDate "2013.08.26"]
[SourceQuality "1"]

1. e4 c5 2. Nc3 Nc6 3. g3 g6 4. Bg2 Bg7 5. d3 e6 6. Be3 d6 7. Qd2 Nd4 8. f4 Ne7 9. Nd1 0-0 10. c3 Ndc6 11. Nf3 Rb8 12. g4 f5 13. gxf5 exf5 14. h4 h5 15. Nf2 b5 16. 0-0 b4 17. d4 bxc3 18. bxc3 fxe4 19. Nxe4 Nf5 20. dxc5 Nxe3 21. Qxe3 Re8 22. Qd3 dxc5 23. Qc4+ Kh8 24. Nfg5 Rf8 25. Nxc5 Qd2 26. Rf2 Qxc3 27. Rc1 Qxc4 28. Rxc4 Bd4 29. Bxc6 Bxf2+ 30. Kxf2 Rb2+ 31. Ke3 Rxa2 32. Bd7 Bxd7 33. Nxd7 Re8+ 34. Ne5 a5 35. Rc7 Ra3+ 36. Kd2 Kg8 37. Ne4 Rd8+ 38. Kc2 Rf8 39. Nxg6 Rf7 40. Rc5 a4 41. f5 Rh3 42. Ng5 Rh2+ 43. Kc3 Rb7 44. f6 Rb3+ 45. Kd4 Rd2+ 46. Ke4 Re2+ 47. Kf5 Rf2+ 48. Nf4 Rb8 49. Rc7 a3 50. Rg7+ Kh8 51. Nf7# 1-0

[Event "SRB Central-ch op-B 6th"]
[Site "Paracin"]
[Date "2013.07.09"]
[Round "6"]
[White "Majstorovic, Dusan"]
[Black "Nikolic, Milan"]
[Result "1-0"]
[WhiteElo "2025"]
[BlackElo "1859"]
[PlyCount "75"]
[EventDate "2013.07.05"]
[EventType "swiss"]
[EventRounds "9"]
[EventCountry "SRB"]
[SourceTitle "CBM 155 Extra"]
[Source "ChessBase"]
[SourceDate "2013.08.26"]
[SourceVersion "1"]
[SourceVersionDate "2013.08.26"]
[SourceQuality "1"]

1. e4 c5 2. Nc3 Nc6 3. g3 g6 4. Bg2 Bg7 5. d3 d6 6. Be3 f5 7. Qd2 Nf6 8. Bh6 Bxh6 9. Qxh6 Nd4 10. 0-0-0 b5 11. e5 Ng4 12. Qg7 Kd7 13. exd6 Ne6 14. Qxe7+ Qxe7 15. dxe7 Rb8 16. Rd2 Kxe7 17. h3 Nf6 18. Nd5+ Nxd5 19. Bxd5 a5 20. Ne2 Rd8 21. c4 Nc7 22. Bg2 bxc4 23. Re1 cxd3 24. Nf4+ Kf6 25. Rxd3 Ba6 26. Rc3 g5 27. Rxc5 gxf4 28. Rxc7 fxg3 29. fxg3 Rbc8 30. Ree7 Rxc7+ 31. Rxc7 Rc8 32. Rxc8 Bxc8 33. Kd2 Be6 34. a3 a4 35. Kc3 Ke5 36. Bc6 Bb3 37. Kb4 h5 38. h4 1-0

[Event "Nis op"]
[Site "Nis"]
[Date "2013.03.25"]
[Round "6"]
[White "Maksimovic, Branimir"]
[Black "Majstorovic, Dusan"]
[Result "1-0"]
[WhiteElo "2442"]
[BlackElo "2041"]
[PlyCount "91"]
[EventDate "2013.03.21"]
[EventType "swiss"]
[EventRounds "9"]
[EventCountry "SRB"]
[SourceTitle "CBM 153 Extra"]
[Source "ChessBase"]
[SourceDate "2013.04.22"]
[SourceVersion "1"]
[SourceVersionDate "2013.04.22"]
[SourceQuality "1"]

1. d4 Nf6 2. c4 e6 3. Nf3 c5 4. d5 d6 5. Nc3 exd5 6. cxd5 g6 7. Bf4 a6 8. a4 Bg7 9. e3 0-0 10. h3 Re8 11. Nd2 Nh5 12. Bh2 Be5 13. Bxe5 Rxe5 14. Nc4 Re8 15. Be2 Ng7 16. Qb3 Qc7 17. 0-0 Nd7 18. a5 f5 19. Na4 Kh8 20. Qc3 Rb8 21. f4 Rf8 22. Bf3 Nf6 23. Nd2 Bd7 24. Nb6 Bb5 25. Rfe1 Nd7 26. Nxd7 Qxd7 27. e4 fxe4 28. Rxe4 Rbe8 29. Bg4 Qf7 30. Be6 Qf6 31. Rae1 Re7 32. Qxf6 Rxf6 33. Bg4 Ref7 34. g3 Nf5 35. Kg2 Kg7 36. h4 Nd4 37. h5 Nf5 38. hxg6 hxg6 39. Re6 Rxe6 40. Rxe6 Rd7 41. Bxf5 gxf5 42. g4 fxg4 43. Kg3 Rd8 44. f5 Kf7 45. Ne4 Bc4 46. Nxd6+ 1-0